• 首页
  • 本馆介绍
  • 公告通知
  • 最新文献
  • 馆藏检索
  • 电子资源
  • 读者导购
  • 参考咨询
  • 我的图书馆
  • 登录
  • 详细信息显示
  • 放入我的书架
  • 预约/预借图书
  • 作者相关作品
  • 分类相关作品
  • 丛书相关作品
  • 出版社相关作品

书目信息

  • 表格格式
  • 工作单格式
  • 卡片格式
题名:
中国建筑业产业结构变迁与生产率增长关系研究
    
 
作者: 范建双 著
分册:  
出版信息: 北京   经济科学出版社  2012.12
页数: 244页
开本: 24cm
丛书名: 中青年经济学家文库
单 册:
中图分类: F426.9
科图分类:
主题词: 建筑业--产业结构--变迁--关系--劳动生产率--增长--研究--中国 , 建筑业 , 产业结构 , 劳动生产率
电子资源:
ISBN: 978-7-5141-2739-3
000 01328oam2 2200325 450
001 005880953
005 20130608085229.67
010    @a978-7-5141-2739-3@dCNY36.00
035    @a(A330000ZJL)012011175461
100    @a20130327d2012 em y0chiy50 ea
101 0  @achi
102    @aCN@b110000
105    @ay z 000yy
106    @ar
200 1  @a中国建筑业产业结构变迁与生产率增长关系研究@9zhong guo jian zhu ye chan ye jie gou bian qian yu sheng chan lu^ zeng zhang guan xi yan jiu@f范建双著
210    @a北京@c经济科学出版社@d2012.12
215    @a244页@d24cm
225 2  @a中青年经济学家文库
300    @a浙江省哲学社会科学重点研究基地——技术创新与企业国际化研究中心;浙江省自然科学基金(LQ12G03017)、住房和城乡建设部软科学研究项目(2011-R2-47)和浙江省教育厅人文社科项目(Y201120507)资助
330    @a本书以建筑业产业结构转型升级为背景,围绕“产业结构和生产率”两条主线展开研究,对建筑业的产业结构变迁与生产率增长之间关系进行了尝试性探讨。
333    @a建筑施工从业人员、建筑企业研究相关人员
461  0 @12001 @a中青年经济学家文库
606 0  @a建筑业@x产业结构@x变迁@x关系@x劳动生产率@x增长@x研究@y中国
606 0  @a建筑业
606 0  @a产业结构
606 0  @a劳动生产率
690    @aF426.9@v5
701  0 @a范建双@9fan jian shuang@f(1980-)@4著
801  0 @aCN@b人天书店@c20130327
905    @dF426.9@e120
    
    中国建筑业产业结构变迁与生产率增长关系研究/范建双著.-北京:经济科学出版社,2012.12
    244页;24cm.-(中青年经济学家文库)
    浙江省哲学社会科学重点研究基地——技术创新与企业国际化研究中心;浙江省自然科学基金(LQ12G03017)、住房和城乡建设部软科学研究项目(2011-R2-47)和浙江省教育厅人文社科项目(Y201120507)资助.-使用对象:建筑施工从业人员、建筑企业研究相关人员
    
    ISBN 978-7-5141-2739-3:CNY36.00
    本书以建筑业产业结构转型升级为背景,围绕“产业结构和生产率”两条主线展开研究,对建筑业的产业结构变迁与生产率增长之间关系进行了尝试性探讨。
●
相关链接 在E读中查询图书 在五车中查询图书 在当当中查询图书 在豆瓣中查询图书


正题名:中国建筑业产业结构变迁与生产率增长关系研究     索取号:F426.9/120         预约/预借

序号 登录号 条形码 馆藏地/架位号 状态 备注
1 0543560   205435607   第一样本阅览室/ [索取号:F426.9/120] 在馆    
2 0543561   205435616   第一借阅区/ [索取号:F426.9/120] 在馆    
3 0543562   205435625   第一借阅区/ [索取号:F426.9/120] 在馆    
4 0543563   205435634   第一借阅区/ [索取号:F426.9/120] 在馆    
5 0543564   205435643   第一借阅区/ [索取号:F426.9/120] 在馆    
唐山师范学院图书馆 欢迎您!
大连网信软件有限公司© 版权所有